<?xml version="1.0" encoding="UTF-8"?>
<record
    xmlns:xsi="http://www.w3.org/2001/XMLSchema-instance"
    xsi:schemaLocation="http://www.loc.gov/MARC21/slim http://www.loc.gov/standards/marcxml/schema/MARC21slim.xsd"
    xmlns="http://www.loc.gov/MARC21/slim">

  <leader>02378nam a2200325 i 4500</leader>
  <controlfield tag="001">190768</controlfield>
  <controlfield tag="003">ES-MaACL</controlfield>
  <controlfield tag="005">20250804161026.0</controlfield>
  <controlfield tag="008">220704s2022    sp            001 f spa</controlfield>
  <datafield tag="020" ind1=" " ind2=" ">
    <subfield code="a">978-84-19231-15-4</subfield>
  </datafield>
  <datafield tag="040" ind1=" " ind2=" ">
    <subfield code="c">ES-MaACL</subfield>
  </datafield>
  <datafield tag="080" ind1=" " ind2=" ">
    <subfield code="a">821.134.2-31"19"</subfield>
  </datafield>
  <datafield tag="100" ind1="1" ind2=" ">
    <subfield code="a">Fort&#xFA;n, Elena,</subfield>
    <subfield code="d">1886-1952</subfield>
    <subfield code="9">166428</subfield>
    <subfield code="e">aut</subfield>
  </datafield>
  <datafield tag="245" ind1="1" ind2="3">
    <subfield code="a">El pensionado de Santa Casilda / </subfield>
    <subfield code="c">Elena Fort&#xFA;n, Matilde Ras ; edici&#xF3;n de Mar&#xED;a Jes&#xFA;s Fraga ; introducci&#xF3;n de Nuria Capdevila-Arg&#xFC;elles.</subfield>
  </datafield>
  <datafield tag="260" ind1=" " ind2=" ">
    <subfield code="a">Valencina de la Concepci&#xF3;n (Sevilla) : </subfield>
    <subfield code="b">Renacimiento, </subfield>
    <subfield code="c">[2022].</subfield>
  </datafield>
  <datafield tag="300" ind1=" " ind2=" ">
    <subfield code="a">476 p. ; </subfield>
    <subfield code="c">21 cm.</subfield>
  </datafield>
  <datafield tag="490" ind1="1" ind2=" ">
    <subfield code="a">Biblioteca Elena Fort&#xFA;n</subfield>
  </datafield>
  <datafield tag="520" ind1=" " ind2=" ">
    <subfield code="a">Este misterioso volumen ha permanecido in&#xE9;dito desde los a&#xF1;os de exilio de Elena Fort&#xFA;n, &#xE9;poca en la que debi&#xF3; rematarlo, hasta nuestros d&#xED;as. Su prosa est&#xE1; claramente influida por la misma conciencia s&#xE1;fica que se aprecia en la novela autobiogr&#xE1;fica Oculto sendero y por el mundo femenino del que form&#xF3; parte tanto en Madrid como en Buenos Aires, reflejado en la galer&#xED;a de mujeres que pueblan estas p&#xE1;ginas. Son un grupo de jovencitas vestidas con bonaerenses uniformes de piqu&#xE9; blanco, empe&#xF1;adas en escribir colectivamente un libro, pensionistas en un colegio de peculiares monjas francesas. Transitan de la adolescencia a la vida adulta en un Madrid belle &#xE9;poque en el que surgen y con frecuencia se castigan nuevas formas de entender g&#xE9;nero, sexo y sexualidad. Esta novela de internado se convierte en novela madrile&#xF1;a que tambi&#xE9;n traslada su argumento a Francia para mostrarnos un curioso baile de m&#xE1;scaras. Y es que este manuscrito inacabado es una fascinante m&#xE1;scara en la que se adivinan tanto los rasgos y las influencias de amigas como Victorina Dur&#xE1;n como los trazos de la pluma de Matilde Ras.</subfield>
  </datafield>
  <datafield tag="655" ind1=" " ind2="0">
    <subfield code="a">Novelas</subfield>
    <subfield code="9">234319</subfield>
  </datafield>
  <datafield tag="700" ind1="1" ind2=" ">
    <subfield code="a">Ras, Matilde, </subfield>
    <subfield code="d">1881-1969</subfield>
    <subfield code="9">95477</subfield>
    <subfield code="e">aut</subfield>
  </datafield>
  <datafield tag="700" ind1="0" ind2=" ">
    <subfield code="a">Fraga, Mar&#xED;a Jes&#xFA;s</subfield>
    <subfield code="9">52067</subfield>
    <subfield code="e">pbl</subfield>
  </datafield>
  <datafield tag="700" ind1="1" ind2=" ">
    <subfield code="a">Capdevila-Arg&#xFC;elles, Nuria, </subfield>
    <subfield code="d">1972-</subfield>
    <subfield code="9">174769</subfield>
    <subfield code="e">aui</subfield>
  </datafield>
  <datafield tag="830" ind1="1" ind2=" ">
    <subfield code="a">Biblioteca Elena Fort&#xFA;n</subfield>
    <subfield code="9">193511</subfield>
  </datafield>
  <datafield tag="852" ind1="4" ind2=" ">
    <subfield code="a">ES-MaACL</subfield>
    <subfield code="j">A-14987</subfield>
    <subfield code="9">197950</subfield>
    <subfield code="b">R.153392</subfield>
    <subfield code="c">DEPO1</subfield>
    <subfield code="d">Olim: N-7987</subfield>
    <subfield code="h">Donaci&#xF3;n: Pilar Fernandez Vera </subfield>
  </datafield>
  <datafield tag="903" ind1=" " ind2=" ">
    <subfield code="a">Fern&#xE1;ndez Vera, Pilar,</subfield>
    <subfield code="d">1961-</subfield>
    <subfield code="e">dnr</subfield>
    <subfield code="9">49420</subfield>
  </datafield>
  <datafield tag="942" ind1=" " ind2=" ">
    <subfield code="c">MONOGRAFIA</subfield>
  </datafield>
  <datafield tag="999" ind1=" " ind2=" ">
    <subfield code="c">190768</subfield>
    <subfield code="d">190768</subfield>
  </datafield>
  <datafield tag="952" ind1=" " ind2=" ">
    <subfield code="0">0</subfield>
    <subfield code="1">0</subfield>
    <subfield code="2">udc</subfield>
    <subfield code="4">0</subfield>
    <subfield code="7">0</subfield>
    <subfield code="a">ATENEOM</subfield>
    <subfield code="b">ATENEOM</subfield>
    <subfield code="c">DEPO1</subfield>
    <subfield code="d">2022-07-04</subfield>
    <subfield code="e">DONACION</subfield>
    <subfield code="l">0</subfield>
    <subfield code="o">A-14987</subfield>
    <subfield code="p">1203037</subfield>
    <subfield code="r">2023-02-23 00:00:00</subfield>
    <subfield code="w">2023-02-23</subfield>
    <subfield code="y">MONOGRAFIA</subfield>
  </datafield>
</record>
